| 000 | 01143cam a2200289 i 4500 | ||
|---|---|---|---|
| 001 | 64415 | ||
| 003 | Mx-PuUPA | ||
| 005 | 20260223120622.0 | ||
| 008 | 160309s20102015nyua gr 001 0 eng d | ||
| 020 |
_a9781606235454 _qrústica _qpapel alcalino |
||
| 040 |
_aMx-PuUPA _bspa _erda _cMx-PuUPA _dMx-PuUPA |
||
| 041 | 0 | _aeng | |
| 100 | 1 |
_aStake, Robert E., _d1927 _eautor _911322 |
|
| 245 | 1 | 0 |
_aQualitative research : _bstudying how things work / _cRobert E. Stake |
| 264 | 1 |
_aNew York, NY : _bThe Guilford Press, _c©2010 |
|
| 300 |
_aix, 244 páginas : _bilustraciones ; _c23 cm |
||
| 336 |
_atexto _btxt _2rdacontent |
||
| 337 |
_asin medio _bn _2rdamedia |
||
| 338 |
_avolumen _bnc _2rdacarrier |
||
| 650 | 7 |
_2armarc _aInvestigación cualitativa |
|
| 650 | 7 |
_2armarc _aInvestigación _xMetodología |
|
| 942 |
_2ddc _h001.42 _iS775 _cLI |
||
| 999 |
_c64415 _d64415 |
||